000 00684nam a2200253Ia 4500
003 OSt
005 20220928115112.0
006 a|||||r|||| 00| 0
007 ta
008 220927b |||||||| |||| 00| 0 eng d
020 _c0
024 _a114690
037 _bGIFT, 27/01/2012, Gift
_cTextual
040 _aSDCL
_cSDCL
_beng
041 _2eng
_aeng
082 _aB43, P2
100 _aDudley R M
_9443031
245 0 _aReal analysis and probability.
260 _aDelhi
_bCambridge University Press
_c2011
300 _ax,555p
_ccm.
650 _aGift
_9391569
942 _hB43, P2
_cTEXL
_2CC
999 _c758198
_d758198